[Event "Toronto Closed A reserves"]
[Site "Toronto CAN"]
[Date "2004.02.15"]
[Round "5"]
[White "Becker, Paul"]
[Black "Nahutin, Yevgeni"]
[Result "1-0"]
[WhiteElo "2058"]
[BlackElo "2008"]
[PlyCount "79"]
[GameId "2160767911200489"]
[EventDate "2004.01.18"]
[EventType "tourn"]
[EventRounds "10"]
[EventCountry "CAN"]

1. e4 e5 2. Nf3 Nc6 3. Bb5 a6 4. Ba4 Nf6 5. Qe2 b5 6. Bb3 Bc5 7. c3 d6 8. a4 Rb8 9. axb5 axb5 10. O-O O-O 11. d3 Bg4 12. h3 Bh5 13. Nbd2 Re8 14. Re1 b4 15. Ba4 Ra8 16. Nb3 Qd7 17. Na5 Rxa5 18. Bxc6 Qxc6 19. Rxa5 Bb6 20. Ra1 bxc3 21. bxc3 Qxc3 22. Be3 Bxf3 23. gxf3 Bxe3 24. fxe3 c5 25. Rec1 Qb3 26. Rcb1 Qe6 27. Kh2 g6 28. Rb7 Re7 29. Ra8+ Kg7 30. Rxe7 Qxe7 31. Qa2 Nh5 32. Ra7 Qf6 33. Qf2 Kh6 34. Qg2 Kg7 35. Qg4 Kh6 36. h4 Kg7 37. Kg2 h6 38. Ra8 Kh7 39. Qc8 Qg7 40. Qf8 1-0

[Event "Toronto Closed A reserves"]
[Site "Toronto CAN"]
[Date "2004.02.15"]
[Round "5"]
[White "Southam, David"]
[Black "Meng, Ang"]
[Result "1-0"]
[WhiteElo "2106"]
[BlackElo "2203"]
[PlyCount "121"]
[GameId "2160767911200490"]
[EventDate "2004.01.18"]
[EventType "tourn"]
[EventRounds "10"]
[EventCountry "CAN"]
[SourceTitle "EXT 2005"]
[Source "ChessBase"]
[SourceDate "2004.11.15"]
[SourceVersion "1"]
[SourceVersionDate "2004.11.15"]
[SourceQuality "1"]

1. d4 d5 2. Nf3 Nf6 3. e3 Bg4 4. c4 e6 5. Qb3 Nc6 6. cxd5 Qxd5 7. Qxd5 Nxd5 8. a3 f6 9. Bd2 O-O-O 10. Nc3 e5 11. dxe5 Bxf3 12. gxf3 Nxe5 13. Be2 Nb6 14. O-O-O Nd3+ 15. Bxd3 Rxd3 16. Kc2 Rd7 17. Bc1 Rxd1 18. Rxd1 Bd6 19. Nb5 Kd7 20. Nxd6 cxd6 21. b3 Rc8+ 22. Kd3 Rc5 23. Rg1 g6 24. Bb2 Rb5 25. Kc2 Ke6 26. Bd4 Nd7 27. a4 Rh5 28. Rg2 a6 29. Kd3 Rh3 30. f4 Kd5 31. b4 b6 32. Bc3 b5 33. axb5 axb5 34. Bd4 f5 35. Bg7 Ke6 36. Bd4 Nb8 37. Bc3 Nc6 38. Bd2 Kd5 39. Bc3 Nd8 40. Ke2 Kc4 41. Bd2 Nc6 42. Rg1 Rxh2 43. Ra1 Rg2 44. Rh1 g5 45. fxg5 Rxg5 46. Rc1+ Kb3 47. Rxc6 Rg6 48. Rc7 h6 49. Rf7 h5 50. Rxf5 Rh6 51. Rxb5 h4 52. Rg5 h3 53. Rg1 Kc2 54. Rc1+ Kb2 55. Rh1 Kc2 56. b5 d5 57. Ba5 Rh5 58. Bb6 h2 59. Bd4 Rh7 60. b6 Kb3 61. Kf3 1-0

[Event "Toronto Closed A reserves"]
[Site "Toronto CAN"]
[Date "2004.02.20"]
[Round "5"]
[White "Sviridovitch, Alina"]
[Black "Siddeley, Hugh"]
[Result "1-0"]
[WhiteElo "1957"]
[BlackElo "1937"]
[PlyCount "77"]
[GameId "2160767911200491"]
[EventDate "2004.01.18"]
[EventType "tourn"]
[EventRounds "10"]
[EventCountry "CAN"]
[SourceTitle "EXT 2005"]
[Source "ChessBase"]
[SourceDate "2004.11.15"]
[SourceVersion "1"]
[SourceVersionDate "2004.11.15"]
[SourceQuality "1"]

1. d4 Nf6 2. c4 e6 3. Nc3 Bb4 4. Nf3 b6 5. e3 Ne4 6. Qc2 Bb7 7. Be2 O-O 8. O-O f5 9. Bd2 Nxd2 10. Qxd2 a5 11. a3 Be7 12. Rfd1 d6 13. Qc2 Nd7 14. e4 g6 15. e5 dxe5 16. dxe5 Qc8 17. Rd2 Nc5 18. Nd4 Bg5 19. Rdd1 a4 20. Bf3 Bxf3 21. Nxf3 Bh6 22. Nd4 Qb7 23. Re1 c6 24. Na2 g5 25. Nb4 Rfc8 26. Rad1 g4 27. Qe2 Kh8 28. f3 gxf3 29. Qxf3 Rc7 30. Ndxc6 Rac8 31. Nd4 Qxf3 32. Nxf3 Nb3 33. Rd6 Rxc4 34. Rxe6 Re4 35. Rxh6 Nd2 36. Rxe4 fxe4 37. Nxd2 e3 38. Kf1 exd2 39. Ke2 1-0

[Event "Toronto Closed A reserves"]
[Site "Toronto CAN"]
[Date "2004.02.19"]
[Round "6"]
[White "Bryskine, Marina"]
[Black "Becker, Paul"]
[Result "0-1"]
[WhiteElo "2013"]
[BlackElo "2058"]
[PlyCount "84"]
[GameId "2160767911200492"]
[EventDate "2004.01.18"]
[EventType "tourn"]
[EventRounds "10"]
[EventCountry "CAN"]

1. e4 c5 2. Nf3 Nc6 3. d4 cxd4 4. Nxd4 Nf6 5. Nc3 e5 6. Ndb5 d6 7. a4 a6 8. Na3 Be6 9. Bg5 Be7 10. Be2 O-O 11. O-O Rc8 12. Be3 Nb4 13. Kh1 d5 14. exd5 Nfxd5 15. Nxd5 Nxd5 16. Bd2 Bg5 17. Nb1 h6 18. Bf3 Rc4 19. Ra3 e4 20. Be2 Rc6 21. f4 Be7 22. Rg3 f5 23. c4 Nf6 24. b3 Qc7 25. Nc3 Rd8 26. Qc2 Bc5 27. Bc1 Rcd6 28. Nd1 Bb4 29. Qb2 Qf7 30. Ne3 Rd2 31. Bxd2 Rxd2 32. Qe5 Rxe2 33. Nxf5 Bxf5 34. Qxf5 Nh5 35. Qxf7+ Kxf7 36. Rh3 Nf6 37. Rg3 e3 38. h3 Ne4 39. Rg4 Nf2+ 40. Kh2 Nxg4+ 41. hxg4 Rb2 42. Kg1 e2 0-1

[Event "Toronto Closed A reserves"]
[Site "Toronto CAN"]
[Date "2004.02.22"]
[Round "6"]
[White "Kagramanov, Dina"]
[Black "Southam, David"]
[Result "0-1"]
[WhiteElo "2044"]
[BlackElo "2106"]
[PlyCount "104"]
[GameId "2160767911200493"]
[EventDate "2004.01.18"]
[EventType "tourn"]
[EventRounds "10"]
[EventCountry "CAN"]
[SourceTitle "EXT 2005"]
[Source "ChessBase"]
[SourceDate "2004.11.15"]
[SourceVersion "1"]
[SourceVersionDate "2004.11.15"]
[SourceQuality "1"]

1. e4 e6 2. d4 d5 3. Nc3 Bb4 4. e5 c5 5. Bd2 Ne7 6. Qg4 cxd4 7. Qxd4 Nbc6 8. Bb5 O-O 9. Bxc6 Nxc6 10. Qf4 d4 11. Nce2 Bxd2+ 12. Qxd2 Nxe5 13. Qxd4 Qc7 14. Qc3 Nc6 15. Nf3 e5 16. h3 f6 17. O-O Be6 18. Rfe1 Rfc8 19. Qd2 Qe7 20. Nc3 Rd8 21. Qe2 Qf7 22. Qe4 h6 23. Qe3 Nb4 24. Rec1 Bf5 25. Qe2 Rac8 26. a3 Nd5 27. Nxd5 Rxd5 28. c3 Rcd8 29. Rd1 Qd7 30. Rxd5 Qxd5 31. Qe3 b6 32. Re1 Qb5 33. Qe2 Qb3 34. Rc1 Be6 35. Qc2 b5 36. Qxb3 Bxb3 37. Re1 Kf7 38. Re2 Rd5 39. Kh2 Bd1 40. Re3 Bxf3 41. Rxf3 Rd2 42. b3 Ra2 43. c4 Rxa3 44. cxb5 Ra5 45. Rc3 Rxb5 46. Rc7+ Kg6 47. Rxa7 Rxb3 48. Re7 Rb2 49. Kg3 Rb5 50. Kf3 f5 51. Re6+ Kg5 52. g3 g6 0-1

[Event "Toronto Closed A reserves"]
[Site "Toronto CAN"]
[Date "2004.02.22"]
[Round "6"]
[White "Meng, Ang"]
[Black "Henry, Liam"]
[Result "1-0"]
[WhiteElo "2203"]
[BlackElo "1975"]
[PlyCount "99"]
[GameId "2160767911200494"]
[EventDate "2004.01.18"]
[EventType "tourn"]
[EventRounds "10"]
[EventCountry "CAN"]
[SourceTitle "EXT 2005"]
[Source "ChessBase"]
[SourceDate "2004.11.15"]
[SourceVersion "1"]
[SourceVersionDate "2004.11.15"]
[SourceQuality "1"]

1. e4 c5 2. Nc3 Nc6 3. f4 g6 4. Nf3 Bg7 5. Bc4 e6 6. O-O Nge7 7. Qe1 O-O 8. d3 d5 9. Bb3 Nd4 10. Nxd4 cxd4 11. Ne2 dxe4 12. dxe4 d3 13. Nc3 Nc6 14. cxd3 Qxd3 15. Rf3 Qd8 16. Kh1 Nd4 17. Rd3 Qc7 18. Bd1 Qc4 19. Qd2 b5 20. b3 Qc5 21. e5 Nf5 22. Bf3 Rb8 23. Ne4 Qe7 24. Bb2 Nh4 25. Nf6+ Kh8 26. Qf2 Nxf3 27. Rxf3 Rd8 28. Rh3 Bxf6 29. exf6 Qd7 30. Rg1 Qd5 31. Be5 Bb7 32. Bxb8 Rxb8 33. Qxa7 Ra8 34. Qf2 Qf5 35. Rc3 Qxf6 36. Qb2 Kg7 37. Rc2 Qxb2 38. Rxb2 Bd5 39. Ra1 Ra3 40. Rc1 Ra7 41. Kg1 Kf8 42. Kf2 h5 43. Rc5 Rb7 44. Rbc2 b4 45. Rc7 Rb5 46. R2c5 Rb6 47. Ra7 h4 48. Rcc7 e5 49. Ra5 Re6 50. fxe5 1-0

[Event "Toronto Closed A reserves"]
[Site "Toronto CAN"]
[Date "2004.02.22"]
[Round "6"]
[White "Nahutin, Yevgeni"]
[Black "Sviridovitch, Alina"]
[Result "1-0"]
[WhiteElo "2008"]
[BlackElo "1986"]
[PlyCount "53"]
[GameId "2160767911200495"]
[EventDate "2004.01.18"]
[EventType "tourn"]
[EventRounds "10"]
[EventCountry "CAN"]

1. Nf3 c5 2. b3 b6 3. Bb2 Bb7 4. e3 e6 5. d4 Nf6 6. Bd3 Be7 7. Nbd2 O-O 8. Qe2 d6 9. dxc5 bxc5 10. c4 Nbd7 11. O-O Qc7 12. Nh4 Rfe8 13. f4 Qc6 14. Rf3 e5 15. Rg3 Bf8 16. fxe5 dxe5 17. Rf1 Kh8 18. Bf5 Rad8 19. Ndf3 g6 20. Bxd7 Nxd7 21. Ng5 Kg8 22. Nxf7 Rb8 23. Nxg6 hxg6 24. Qh5 Bg7 25. Rxg6 Nf6 26. Qh8+ Kxf7 27. Qxg7+ 1-0

[Event "Toronto Closed A reserves"]
[Site "Toronto CAN"]
[Date "2004.02.29"]
[Round "7"]
[White "Becker, Paul"]
[Black "Meng, Ang"]
[Result "0-1"]
[WhiteElo "2058"]
[BlackElo "2155"]
[PlyCount "56"]
[GameId "2160767911200497"]
[EventDate "2004.01.18"]
[EventType "tourn"]
[EventRounds "10"]
[EventCountry "CAN"]

1. e4 d5 2. exd5 Qxd5 3. Nc3 Qa5 4. d4 e5 5. Nf3 Bg4 6. Bc4 e4 7. Qe2 f5 8. h3 Bxf3 9. gxf3 Nc6 10. Bb5 O-O-O 11. Bxc6 bxc6 12. Be3 Bb4 13. O-O Nf6 14. a4 g5 15. Nb5 f4 16. c3 Be7 17. Bd2 cxb5 18. axb5 Qb6 19. Ra6 Qb7 20. Rfa1 Qd5 21. Rxa7 Bd6 22. b6 Kd7 23. bxc7 Rc8 24. R1a5 exf3 25. Qd1 Qe4 26. Rxg5 Rhg8 27. Qa4+ Ke7 28. Raa5 h6 0-1

[Event "Toronto Closed A reserves"]
[Site "Toronto CAN"]
[Date "2004.02.29"]
[Round "7"]
[White "Sviridovitch, Alina"]
[Black "Bryskine, Marina"]
[Result "1/2-1/2"]
[WhiteElo "1986"]
[BlackElo "2058"]
[PlyCount "74"]
[GameId "2160767911200498"]
[EventDate "2004.01.18"]
[EventType "tourn"]
[EventRounds "10"]
[EventCountry "CAN"]

1. d4 d5 2. c4 e6 3. Nc3 Nf6 4. cxd5 exd5 5. Bg5 c6 6. e3 Be7 7. Bd3 Nbd7 8. Qc2 O-O 9. Nge2 Re8 10. O-O-O Nf8 11. f3 N6d7 12. Bf4 Bg5 13. Rde1 a5 14. g4 b5 15. h4 Bxf4 16. Nxf4 b4 17. Na4 Ba6 18. Kb1 Bxd3 19. Qxd3 Nb6 20. Nxb6 Qxb6 21. g5 Rac8 22. h5 c5 23. Nxd5 Qb7 24. dxc5 Rxc5 25. e4 Nd7 26. Qd4 Qb5 27. h6 Ne5 28. hxg7 Kxg7 29. Nf6 Rec8 30. Rxh7+ Kg6 31. f4 Qd3+ 32. Qxd3 Nxd3 33. Rh6+ Kg7 34. Rh7+ Kg6 35. Rh6+ Kg7 36. Nh5+ Kg8 37. Nf6+ Kg7 1/2-1/2

[Event "Toronto Closed A reserves"]
[Site "Toronto CAN"]
[Date "2004.03.07"]
[Round "8"]
[White "Meng, Ang"]
[Black "Sviridovitch, Alina"]
[Result "1-0"]
[WhiteElo "2203"]
[BlackElo "1957"]
[PlyCount "59"]
[GameId "2160767911200499"]
[EventDate "2004.01.18"]
[EventType "tourn"]
[EventRounds "10"]
[EventCountry "CAN"]
[SourceTitle "EXT 2005"]
[Source "ChessBase"]
[SourceDate "2004.11.15"]
[SourceVersion "1"]
[SourceVersionDate "2004.11.15"]
[SourceQuality "1"]

1. g3 c5 2. Bg2 e6 3. d3 d6 4. Nc3 g6 5. e4 Bg7 6. Nf3 Nc6 7. Bg5 Nge7 8. Qc1 h6 9. Be3 b6 10. Nh4 Bb7 11. f4 O-O 12. O-O Nd4 13. f5 exf5 14. Bxh6 b5 15. Bxg7 Kxg7 16. exf5 Nd5 17. f6+ Kh7 18. Qg5 Nxc3 19. Bxb7 Nce2+ 20. Kh1 Rb8 21. Be4 Qe8 22. c3 Ne6 23. Qh5+ Kg8 24. Qxe2 Rd8 25. Qg4 d5 26. Bf5 Rd6 27. Rae1 a6 28. Nxg6 fxg6 29. Bxg6 Qd7 30. Be8+ 1-0

[Event "Toronto Closed A reserves"]
[Site "Toronto CAN"]
[Date "2004.03.07"]
[Round "8"]
[White "Southam, David"]
[Black "Henry, Liam"]
[Result "1-0"]
[WhiteElo "2106"]
[BlackElo "1975"]
[PlyCount "71"]
[GameId "2160767911200500"]
[EventDate "2004.01.18"]
[EventType "tourn"]
[EventRounds "10"]
[EventCountry "CAN"]
[SourceTitle "EXT 2005"]
[Source "ChessBase"]
[SourceDate "2004.11.15"]
[SourceVersion "1"]
[SourceVersionDate "2004.11.15"]
[SourceQuality "1"]

1. d4 Nf6 2. c4 g6 3. Nc3 Bg7 4. e4 d6 5. f3 O-O 6. Bg5 Nc6 7. Nge2 a6 8. Qd2 Bd7 9. Rc1 b5 10. d5 Ne5 11. cxb5 Nc4 12. Qc2 h6 13. Bxf6 Bxf6 14. bxa6 Ne3 15. Qd3 Nxf1 16. Rxf1 Qb8 17. Rc2 Qb6 18. Kd2 Rxa6 19. Qe3 c6 20. Qxb6 Rxb6 21. dxc6 Bxc6 22. Rb1 Rfb8 23. b3 Kf8 24. Kd3 Rb4 25. Rd1 Ra8 26. Ke3 Ra5 27. Nd5 Bxd5 28. Rxd5 Rxd5 29. exd5 g5 30. Rd2 Be5 31. g3 f5 32. Kd3 Kf7 33. Kc2 e6 34. a3 Rb5 35. dxe6+ Kxe6 36. b4 1-0

[Event "Toronto Closed A reserves"]
[Site "Toronto CAN"]
[Date "2004.01.18"]
[Round "9"]
[White "Becker, Paul"]
[Black "Southam, David"]
[Result "0-1"]
[WhiteElo "2058"]
[BlackElo "2146"]
[PlyCount "64"]
[GameId "2160767911200501"]
[EventDate "2004.01.18"]
[EventType "tourn"]
[EventRounds "10"]
[EventCountry "CAN"]

1. e4 e6 2. d4 d5 3. Nc3 Bb4 4. e5 c5 5. a3 Bxc3+ 6. bxc3 Ne7 7. h4 Bd7 8. h5 h6 9. Nf3 Ba4 10. Rb1 Qc7 11. Bb5+ Bxb5 12. Rxb5 Nd7 13. Bd2 O-O-O 14. Qc1 Kb8 15. g4 Rc8 16. Kd1 Nc6 17. g5 cxd4 18. cxd4 hxg5 19. Bxg5 Nb6 20. c3 Ne7 21. Rc5 Nc6 22. Rb5 Qd7 23. Rb3 Rc7 24. h6 gxh6 25. Rxh6 Rhc8 26. Bd2 Na5 27. Rb4 Na4 28. Rh7 Nxc3+ 29. Bxc3 Rxc3 30. Qf4 Qc6 31. Nd2 Rc1+ 32. Ke2 Qa6+ 0-1

[Event "Toronto Closed A reserves"]
[Site "Toronto CAN"]
[Date "2004.03.16"]
[Round "9"]
[White "Laughlin, Steve"]
[Black "Bryskine, Marina"]
[Result "1/2-1/2"]
[WhiteElo "1988"]
[BlackElo "2058"]
[PlyCount "66"]
[GameId "2160767911200502"]
[EventDate "2004.01.18"]
[EventType "tourn"]
[EventRounds "10"]
[EventCountry "CAN"]

1. e4 e5 2. Nf3 Nc6 3. Bc4 Bc5 4. b4 Bxb4 5. c3 Be7 6. O-O Nf6 7. d4 d6 8. Re1 h6 9. Nbd2 O-O 10. Nf1 exd4 11. cxd4 Bg4 12. Rb1 Rb8 13. Ne3 Bxf3 14. gxf3 Nh5 15. Kh1 Bg5 16. Nf5 Bxc1 17. Qxc1 Qf6 18. Rg1 Kh8 19. Qe3 Ne7 20. Nxe7 Qxe7 21. Rg4 f5 22. Rg6 fxe4 23. Rxb7 Rbe8 24. Re6 Qg5 25. Qxg5 hxg5 26. Rxe8 Rxe8 27. fxe4 Nf4 28. Bb3 c5 29. dxc5 dxc5 30. Rc7 Nd3 31. f3 g4 32. Bc4 Ne5 33. Rxc5 gxf3 1/2-1/2

[Event "Toronto Closed A reserves"]
[Site "Toronto CAN"]
[Date "2004.03.28"]
[Round "10"]
[White "Laughlin, Steve"]
[Black "Kagramanov, Dina"]
[Result "1-0"]
[WhiteElo "2014"]
[BlackElo "2044"]
[PlyCount "83"]
[GameId "2160767911200503"]
[EventDate "2004.01.18"]
[EventType "tourn"]
[EventRounds "10"]
[EventCountry "CAN"]
[SourceTitle "EXT 2005"]
[Source "ChessBase"]
[SourceDate "2004.11.15"]
[SourceVersion "1"]
[SourceVersionDate "2004.11.15"]
[SourceQuality "1"]

1. e4 c5 2. Nf3 e6 3. d4 cxd4 4. Nxd4 a6 5. Bd3 Nc6 6. Nxc6 dxc6 7. Nd2 e5 8. Qh5 Qc7 9. Nc4 Bb4+ 10. Bd2 Bd6 11. Nxd6+ Qxd6 12. Bc3 Nf6 13. Qxe5+ Qxe5 14. Bxe5 Be6 15. h3 O-O 16. Bxf6 gxf6 17. f4 c5 18. f5 Bd7 19. O-O Rfe8 20. Rf4 Bc6 21. Re1 Rad8 22. Re3 Rd4 23. c3 Rd7 24. b3 b5 25. Rf2 Red8 26. Bc2 Re7 27. Rfe2 Re5 28. Kf2 Kf8 29. g4 b4 30. c4 a5 31. Kg3 Rd4 32. Kf4 h6 33. h4 Bd7 34. Rd3 Rxd3 35. Bxd3 Kg7 36. g5 hxg5+ 37. hxg5 a4 38. Rh2 Re8 39. gxf6+ Kxf6 40. e5+ Ke7 41. Rh7 axb3 42. axb3 1-0

[Event "Toronto Closed B reserves"]
[Site "Toronto CAN"]
[Date "2004.01.18"]
[Round "1"]
[White "Henderson, Fred"]
[Black "Haziprodromu, Sam"]
[Result "0-1"]
[WhiteElo "1777"]
[BlackElo "1970"]
[PlyCount "92"]
[GameId "2160767911200504"]
[EventDate "2004.01.18"]
[EventType "tourn"]
[EventRounds "9"]
[EventCountry "CAN"]

1. Nf3 Nf6 2. c4 c5 3. Nc3 d5 4. cxd5 Nxd5 5. d4 Nxc3 6. bxc3 g6 7. e3 Bg7 8. Bb5+ Bd7 9. a4 Qa5 10. Bd2 Qc7 11. O-O O-O 12. Qe2 Nc6 13. Bxc6 Bxc6 14. e4 e6 15. Bg5 h6 16. Bh4 Rfe8 17. Bg3 Qa5 18. Qe3 Rad8 19. Ne5 cxd4 20. cxd4 Qb4 21. Qf3 Rf8 22. Nxc6 bxc6 23. Be5 f6 24. Bf4 e5 25. Rfb1 Qe7 26. dxe5 fxe5 27. Qb3+ Kh7 28. Be3 Rf7 29. a5 Rd7 30. a6 h5 31. Qc4 Qf6 32. h3 Bh6 33. Qc5 Bf4 34. Rb8 Qg5 35. Rab1 Bxe3 36. Qxe3 Qxe3 37. fxe3 Kg7 38. Rc8 c5 39. Rxc5 Rd6 40. Ra5 Kf6 41. Kf2 Ke6+ 42. Ke2 Rc7 43. Rb7 Rc2+ 44. Kf3 g5 45. Ra1 Rdd2 46. Rf1 Rxg2 0-1

[Event "Toronto Closed B reserves"]
[Site "Toronto CAN"]
[Date "2004.01.18"]
[Round "1"]
[White "Lucki, Arnie"]
[Black "Pimentel, Sheldon"]
[Result "1/2-1/2"]
[WhiteElo "1814"]
[BlackElo "1730"]
[PlyCount "21"]
[GameId "2160767911200505"]
[EventDate "2004.01.18"]
[EventType "tourn"]
[EventRounds "9"]
[EventCountry "CAN"]

1. e4 c5 2. Nf3 e6 3. d4 cxd4 4. Nxd4 a6 5. Be2 Qc7 6. O-O Nf6 7. f3 Bd6 8. g3 Bxg3 9. hxg3 Qxg3+ 10. Kh1 Qh3+ 11. Kg1 1/2-1/2

[Event "Toronto Closed B reserves"]
[Site "Toronto CAN"]
[Date "2004.01.18"]
[Round "1"]
[White "Veltmann, Martin"]
[Black "Cohen, David"]
[Result "0-1"]
[WhiteElo "2020"]
[BlackElo "1884"]
[PlyCount "102"]
[GameId "2160767911200506"]
[EventDate "2004.01.18"]
[EventType "tourn"]
[EventRounds "9"]
[EventCountry "CAN"]

1. c4 e5 2. Nc3 Nf6 3. Nf3 Nc6 4. g3 Be7 5. Bg2 d6 6. O-O O-O 7. d3 Be6 8. a3 d5 9. cxd5 Nxd5 10. Ne4 f6 11. b4 Qd7 12. Bb2 Rfd8 13. Rc1 a6 14. Nc5 Bxc5 15. Rxc5 Nce7 16. Nd2 c6 17. Ne4 Rac8 18. Rc1 Rc7 19. Nc5 Qc8 20. Nxe6 Qxe6 21. Qc2 Rcd7 22. Qc5 Ng6 23. Qc4 Rd6 24. a4 b5 25. axb5 cxb5 26. Qb3 Kf8 27. Rc5 Ndf4 28. Qc2 Nxg2 29. Kxg2 Qg4 30. Kh1 Qxb4 31. Rb1 Qg4 32. Ba3 Ne7 33. Rc1 Kf7 34. f3 Qe6 35. Bb4 R6d7 36. Be1 Rb7 37. Bb4 Rb6 38. Rc7 Rc6 39. Qb2 Rxc1+ 40. Qxc1 Rd7 41. Rc5 Qb3 42. Ba5 Qa2 43. Bd2 Nd5 44. Rc2 Qa4 45. Rc8 Ne7 46. Rh8 h6 47. Ra8 b4 48. Qc4+ Kg6 49. Qe4+ Kf7 50. Bxb4 Rd4 51. Qh7 Rxb4 0-1

[Event "Toronto Closed B reserves"]
[Site "Toronto CAN"]
[Date "2004.02.03"]
[Round "1"]
[White "Elkharadly, Omar"]
[Black "Sviridovitch, Slava"]
[Result "0-1"]
[WhiteElo "1775"]
[BlackElo "1870"]
[PlyCount "72"]
[GameId "2160767911200507"]
[EventDate "2004.01.18"]
[EventType "tourn"]
[EventRounds "9"]
[EventCountry "CAN"]

1. d4 Nf6 2. c4 e6 3. Nf3 b6 4. g3 Bb7 5. Bg2 c5 6. e3 d6 7. O-O Be7 8. Qb3 Nbd7 9. Nc3 O-O 10. Qc2 Rc8 11. b3 Qc7 12. Re1 a6 13. Ba3 cxd4 14. exd4 Rfe8 15. Re2 b5 16. Nd2 Bxg2 17. Kxg2 Qb7+ 18. Nce4 Nxe4 19. Qxe4 d5 20. cxd5 exd5 21. Qe3 Bxa3 22. Qxe8+ Rxe8 23. Rxe8+ Nf8 24. Nf3 g6 25. Rb1 Qc6 26. Re3 Bd6 27. Ree1 Ne6 28. Rbc1 Qb6 29. Red1 Kg7 30. Rc2 Be7 31. h4 Bf6 32. Ne5 Bxe5 33. dxe5 d4 34. f3 h5 35. Rdc1 b4 36. Rc6 Qa5 0-1

[Event "Toronto Closed B reserves"]
[Site "Toronto CAN"]
[Date "2004.01.18"]
[Round "2"]
[White "Shojaie, Jamshied"]
[Black "Henderson, Fred"]
[Result "0-1"]
[WhiteElo "1783"]
[BlackElo "1777"]
[PlyCount "64"]
[GameId "2160767911200508"]
[EventDate "2004.01.18"]
[EventType "tourn"]
[EventRounds "9"]
[EventCountry "CAN"]

1. e4 c5 2. Nf3 d6 3. b3 Nc6 4. Bb2 Nf6 5. d3 e6 6. Be2 Be7 7. Nbd2 O-O 8. O-O Nd7 9. Nc4 b5 10. Ne3 Bf6 11. c3 b4 12. d4 bxc3 13. Bxc3 cxd4 14. Nxd4 Bb7 15. Nb5 Bxc3 16. Nxc3 Nc5 17. f3 Qg5 18. Nc4 Rfd8 19. f4 Qe7 20. Bf3 Nxe4 21. Bxe4 d5 22. Bxh7+ Kxh7 23. Qh5+ Kg8 24. Rf3 g6 25. Rg3 dxc4 26. Ne4 Nd4 27. Rxg6+ fxg6 28. Qxg6+ Kf8 29. Nf6 Ne2+ 30. Kf2 Qf7 31. Nh7+ Ke8 32. Nf6+ Ke7 0-1

[Event "Toronto Closed B reserves"]
[Site "Toronto CAN"]
[Date "2004.01.25"]
[Round "2"]
[White "Cohen, David"]
[Black "Lucki, Arnie"]
[Result "0-1"]
[WhiteElo "1884"]
[BlackElo "1814"]
[PlyCount "86"]
[GameId "2160767911200509"]
[EventDate "2004.01.18"]
[EventType "tourn"]
[EventRounds "9"]
[EventCountry "CAN"]

1. e4 Nf6 2. Nc3 d5 3. exd5 Nxd5 4. Nxd5 Qxd5 5. Nf3 e5 6. d3 Bd6 7. Be2 O-O 8. Be3 Nc6 9. c3 h6 10. Qb3 Be6 11. Qxd5 Bxd5 12. O-O Rae8 13. Nd2 f5 14. Bh5 f4 15. Bxe8 Rxe8 16. Bxa7 Nxa7 17. Rfe1 Nc6 18. Ne4 Bxe4 19. Rxe4 Kf7 20. Rae1 Ra8 21. Ra1 Kf6 22. Kf1 g5 23. Ke1 Nd8 24. b4 b5 25. Kd1 Ne6 26. Kc2 g4 27. Kb2 Ng5 28. Ree1 c5 29. a3 h5 30. Kb3 cxb4 31. axb4 Rxa1 32. Rxa1 e4 33. dxe4 Nxe4 34. Ra5 Nxf2 35. Rxb5 f3 36. gxf3 gxf3 37. Rxh5 Ne4 38. Rh3 Nd2+ 39. Kc2 f2 40. Kxd2 f1=Q 41. Rh6+ Ke5 42. Rh8 Ke4 43. Re8+ Be5 0-1

[Event "Toronto Closed B reserves"]
[Site "Toronto CAN"]
[Date "2004.01.25"]
[Round "2"]
[White "Haziprodromu, Sam"]
[Black "Veltmann, Martin"]
[Result "1/2-1/2"]
[WhiteElo "1970"]
[BlackElo "2020"]
[PlyCount "27"]
[GameId "2160767911200510"]
[EventDate "2004.01.18"]
[EventType "tourn"]
[EventRounds "9"]
[EventCountry "CAN"]

1. e4 e6 2. d4 d5 3. Nc3 Bb4 4. exd5 exd5 5. Qf3 Ne7 6. Bd3 O-O 7. Nge2 Be6 8. O-O Nbc6 9. Nd1 Qd7 10. c3 Bd6 11. h3 Rae8 12. Bf4 g6 13. Ne3 Bxf4 14. Nxf4 1/2-1/2

[Event "Toronto Closed B reserves"]
[Site "Toronto CAN"]
[Date "2004.01.25"]
[Round "2"]
[White "Sviridovitch, Slava"]
[Black "Pimentel, Sheldon"]
[Result "1/2-1/2"]
[WhiteElo "1870"]
[BlackElo "1730"]
[PlyCount "115"]
[GameId "2160767911200511"]
[EventDate "2004.01.18"]
[EventType "tourn"]
[EventRounds "9"]
[EventCountry "CAN"]

1. d4 Nf6 2. Nf3 e6 3. e3 d5 4. Bd3 b6 5. b3 Bd6 6. O-O Nbd7 7. Bb2 Qe7 8. Ne5 Bxe5 9. dxe5 Ng8 10. Nd2 Nc5 11. Bb5+ Bd7 12. Be2 f5 13. c4 Nh6 14. Rc1 Nf7 15. Nf3 c6 16. cxd5 exd5 17. b4 Nb7 18. b5 c5 19. Qxd5 Be6 20. Qc6+ Kf8 21. Bc4 Nfd8 22. Nd4 Nxc6 23. Nxe6+ Ke8 24. bxc6 Nd8 25. Nf4 Nxc6 26. Bb5 Rc8 27. Ba6 Rd8 28. Bb5 Qb7 29. Rcd1 Ke7 30. Nd5+ Rxd5 31. Rxd5 Rd8 32. Rfd1 Rxd5 33. Rxd5 Nb8 34. Rd1 a6 35. Bc4 b5 36. Bd5 Qc7 37. e6 g6 38. f4 Nc6 39. Bb3 Qb6 40. Rd7+ Ke8 41. Bd5 Nb4 42. Rb7 Nxd5 43. Rxb6 Nxb6 44. Be5 Ke7 45. Kf2 Kxe6 46. Ke2 Kd5 47. Kd3 Na8 48. h3 a5 49. a3 b4 50. axb4 axb4 51. g4 c4+ 52. Kc2 Nb6 53. Bd4 Nc8 54. gxf5 gxf5 55. Bf6 Na7 56. Be7 Nc6 57. Bf8 Nd8 58. Bxb4 1/2-1/2

[Event "Toronto Closed B reserves"]
[Site "Toronto CAN"]
[Date "2004.02.01"]
[Round "3"]
[White "Henderson, Fred"]
[Black "Elkharadly, Omar"]
[Result "1-0"]
[WhiteElo "1777"]
[BlackElo "1775"]
[PlyCount "47"]
[GameId "2160767911200512"]
[EventDate "2004.01.18"]
[EventType "tourn"]
[EventRounds "9"]
[EventCountry "CAN"]

1. Nf3 d5 2. d4 e6 3. c4 Nf6 4. g3 c6 5. Bg2 dxc4 6. O-O Nbd7 7. a4 Bb4 8. Qc2 Ba5 9. Qxc4 O-O 10. b4 Bc7 11. Bb2 a5 12. b5 Nb6 13. Qb3 Bd7 14. Nc3 Nbd5 15. Nxd5 exd5 16. Ne5 Bxe5 17. dxe5 Ne4 18. Rfd1 Nc5 19. Qc3 Qb6 20. Qd4 Qa7 21. b6 Ne6 22. bxa7 Nxd4 23. Bxd4 Rfc8 24. Rdc1 1-0

[Event "Toronto Closed B reserves"]
[Site "Toronto CAN"]
[Date "2004.02.01"]
[Round "3"]
[White "Pimentel, Sheldon"]
[Black "Cohen, David"]
[Result "0-1"]
[WhiteElo "1730"]
[BlackElo "1884"]
[PlyCount "60"]
[GameId "2160767911200513"]
[EventDate "2004.01.18"]
[EventType "tourn"]
[EventRounds "9"]
[EventCountry "CAN"]

1. d4 g6 2. c4 Nf6 3. Nc3 Bg7 4. e4 d6 5. Be2 O-O 6. Nf3 e5 7. d5 Nbd7 8. Bg5 a5 9. O-O h6 10. Bh4 Nc5 11. Nd2 g5 12. Bg3 Nh7 13. Bg4 f5 14. exf5 Bxf5 15. Bxf5 Rxf5 16. Qc2 Qd7 17. Nce4 Nxe4 18. Nxe4 Raf8 19. Rac1 b6 20. b3 Nf6 21. a3 Nxe4 22. Qxe4 h5 23. h3 Qf7 24. f3 Bh6 25. Rc2 Qg6 26. b4 axb4 27. axb4 g4 28. hxg4 hxg4 29. f4 exf4 30. Bxf4 Re8 0-1